Summario das investigações em samscritología desde 1886 até 1891 (Record no. 167026)

MARC details
000 -LEADER
campo de control de longitud fija 00909nam a22002055i 4500
001 - NÚMERO DE CONTROL
campo de control 167026
003 - IDENTIFICADOR DE NÚMERO DE CONTROL
campo de control ES-MaACL
005 - FECHA Y HORA DE LA ÚLTIMA TRANSACCIÓN
campo de control 20230906213438.0
008 - DATOS DE LONGITUD FIJA--INFORMACIÓN GENERAL
campo de control de longitud fija 000717s1891 po a |||| | por d
040 ## - FUENTE DE CATALOGACIÓN
Centro catalogador/agencia de origen CCPB | B
Lengua de catalogación spa
Centro/agencia transcriptor CCPB | B
100 1# - ENTRADA PRINCIPAL--NOMBRE DE PERSONA
Nombre de persona Vasconcelos Abreu, Guilherme de,
9 (RLIN) 133565
245 10 - MENCIÓN DEL TÍTULO
Título Summario das investigações em samscritología desde 1886 até 1891
Resto del título : opusculo escripto a convite da Commissão Organizadora do Congresso Internacional de Orientalistas, Londres, 1891 /
Mención de responsabilidad, etc. por G. de Vasconcellos-Abreu.
260 ## - PUBLICACIÓN, DISTRIBUCIÓN, ETC.
Lugar de publicación, distribución, etc. Lisboa :
Nombre del editor, distribuidor, etc. Imprensa Nacional,
Fecha de publicación, distribución, etc. 1891.
300 ## - DESCRIPCIÓN FÍSICA
Extensión 56, [1] p., [1] h. de grab. pleg. ;
Dimensiones 25 cm.
599 ## - NOTA A LAS ILUSTRACIONES
NOTA A LAS ILUSTRACIONES La h. de grab. es litogr.
611 24 - PUNTO DE ACCESO ADICIONAL DE MATERIA--NOMBRE DE REUNIÓN/CONGRESO
Nombre de congreso/reunión o jurisdicción como elemento de entrada Congresso Internacional de Orientalistas.
Fecha del congreso o de la firma del tratado 1891.
Sede del congreso/Lugar de la reunión Londres)
9 (RLIN) 135107
650 04 - PUNTO DE ACCESO ADICIONAL DE MATERIA--TÉRMINO DE MATERIA
Término de materia o nombre geográfico como elemento de entrada Lengua sánscrita.
9 (RLIN) 14321
852 ## - LOCALIZACIÓN
Ubicación ES-MaACL
Número de control de estantería T-838-F-10
Nota libre -- Enc. hol.
-- -- Enc. en un vol. facticio
Holdings
Estatus retirado Estado de pérdida Estado de daño No para préstamo Colección Biblioteca de origen Biblioteca actual Ubicación en estantería Fecha de adquisición Total de préstamos Signatura topográfica completa Código de barras Visto por última vez Precio de reemplazo Tipo de ítem Koha
        Colección de folletos Biblioteca del Ateneo de Madrid Biblioteca del Ateneo de Madrid Depósito folletos 17/01/2008   T-838-F-10 1175207 23/02/2023 23/02/2023 Folleto